|
|
|
|
| LEADER |
02418nam a2200625 i 4500 |
| 001 |
nkc20203171004 |
| 003 |
CZ PrNK |
| 005 |
20210831131341.0 |
| 007 |
ta |
| 008 |
200114s2019 xr ach e 000 0bcze |
| 015 |
|
|
|a cnb003171004
|
| 020 |
|
|
|a 978-80-906040-3-2
|q (vázáno)
|
| 035 |
|
|
|a (OCoLC)1200255465
|
| 040 |
|
|
|a BOA001
|b cze
|e rda
|
| 043 |
|
|
|a e-xr---
|
| 045 |
|
|
|a x3x4
|
| 072 |
|
7 |
|a 329
|x Politické strany a hnutí
|2 Konspekt
|9 15
|
| 072 |
|
7 |
|a 929
|x Biografie
|2 Konspekt
|9 8
|
| 080 |
|
|
|a 929.7
|2 MRF
|
| 080 |
|
|
|a 329.7
|2 MRF
|
| 080 |
|
|
|a 329.18
|2 MRF
|
| 080 |
|
|
|a 323.12(=411.16)
|2 MRF
|
| 080 |
|
|
|a 929
|2 MRF
|
| 080 |
|
|
|a (437.3)
|2 MRF
|
| 080 |
|
|
|a (092)
|2 MRF
|
| 100 |
1 |
|
|a Bretfeld, Petr
|4 aut
|
| 245 |
1 |
0 |
|a Karel VI. Schwarzenberg vlajkař 1935-1940 /
|c Petr Bretfeld
|
| 264 |
|
1 |
|a Brno :
|b Ad Sensum Bonum, z.s.,
|c 2019
|
| 300 |
|
|
|a 119 stran :
|b ilustrace, portréty, faksimile ;
|c 21 cm
|
| 336 |
|
|
|a text
|b txt
|2 rdacontent
|
| 337 |
|
|
|a bez média
|b n
|2 rdamedia
|
| 338 |
|
|
|a svazek
|b nc
|2 rdacarrier
|
| 504 |
|
|
|a Obsahuje bibliografické odkazy
|
| 500 |
|
|
|a Dostupné též v digitální podobě v aplikaci Kramerius
|
| 600 |
1 |
7 |
|a Schwarzenberg, Karel František,
|d 1911-1986
|7 jk01111235
|2 czenas
|
| 610 |
2 |
7 |
|a Vlajka (hnutí)
|7 pna2013768958
|2 czenas
|
| 648 |
|
4 |
|a 1935-1940
|
| 648 |
|
7 |
|a 20. století
|7 ch460558
|2 czenas
|
| 650 |
0 |
7 |
|a šlechtici
|7 ph127824
|z Česko
|y 20. století
|2 czenas
|
| 650 |
0 |
7 |
|a politická hnutí
|7 ph124233
|z Česko
|y 20. století
|2 czenas
|
| 650 |
0 |
7 |
|a fašismus
|7 ph120146
|z Česko
|y 20. století
|2 czenas
|
| 650 |
0 |
7 |
|a antisemitismus
|7 ph118516
|z Česko
|y 20. století
|2 czenas
|
| 650 |
0 |
9 |
|a noblemen
|z Czechia
|y 20th century
|2 eczenas
|
| 650 |
0 |
9 |
|a political movements and alliances
|z Czechia
|y 20th century
|2 eczenas
|
| 650 |
0 |
9 |
|a fascism
|z Czechia
|y 20th century
|2 eczenas
|
| 650 |
0 |
9 |
|a antisemitism
|z Czechia
|y 20th century
|2 eczenas
|
| 655 |
|
7 |
|a biografie
|7 fd131909
|2 czenas
|
| 655 |
|
9 |
|a biography
|2 eczenas
|
| 856 |
4 |
1 |
|u http://www.digitalniknihovna.cz/mzk/uuid/uuid:00f915b0-6174-11f0-86db-5ef3fc9bb22f
|y Digitalizovaný dokument
|x NDK
|
| 910 |
2 |
|
|a BOA001
|b 2-1439.822
|
| 990 |
|
|
|a BK
|
| 995 |
|
|
|a 01
|
| 991 |
|
|
|b 202001
|c NOV
|
| 996 |
6 |
|
|b 2610812623
|c 2-1439.822
|l MZK
|r Sklad / do 1 hodiny
|n 0
|p p.v.
|w 001777794
|u 000010
|a 1
|e BOA001
|j MZK50
|s P
|
| 996 |
7 |
|
|b 2610812624
|c 2-1439.822
|l MZK
|r Sklad / do 1 hodiny
|n 2
|p p.v.
|w 001777794
|u 000020
|a 1
|e BOA001
|j MZK50
|s A
|